<?xml version="1.0" encoding="UTF-8"?>
<collection xmlns="http://www.loc.gov/MARC21/slim">
 <record>
  <leader>01783nam a2200325 a 4500</leader>
  <controlfield tag="001">14937753</controlfield>
  <controlfield tag="003">BD-DhAAL</controlfield>
  <controlfield tag="008">121011s2007    ne a     b    001 0 eng d</controlfield>
  <datafield tag="999" ind1=" " ind2=" ">
   <subfield code="c">12915</subfield>
   <subfield code="d">12915</subfield>
  </datafield>
  <datafield tag="010" ind1=" " ind2=" ">
   <subfield code="a">  2007533310</subfield>
  </datafield>
  <datafield tag="020" ind1=" " ind2=" ">
   <subfield code="a">9780123694171</subfield>
  </datafield>
  <datafield tag="020" ind1=" " ind2=" ">
   <subfield code="a">0123694175</subfield>
  </datafield>
  <datafield tag="040" ind1=" " ind2=" ">
   <subfield code="a">DLC</subfield>
   <subfield code="c">DLC</subfield>
   <subfield code="d">DLC</subfield>
   <subfield code="d">BD-DhAAL.</subfield>
  </datafield>
  <datafield tag="082" ind1="0" ind2="0">
   <subfield code="a">615.1</subfield>
   <subfield code="2">22</subfield>
  </datafield>
  <datafield tag="245" ind1="0" ind2="0">
   <subfield code="a">Principles of clinical pharmacology /</subfield>
   <subfield code="c">Arthur J. Atkinson, Jr. ... [et al.].</subfield>
  </datafield>
  <datafield tag="250" ind1=" " ind2=" ">
   <subfield code="a">Second edition</subfield>
  </datafield>
  <datafield tag="260" ind1=" " ind2=" ">
   <subfield code="a">Amsterdam ;</subfield>
   <subfield code="a">Boston :</subfield>
   <subfield code="b">Academic Press,</subfield>
   <subfield code="c">c2007.</subfield>
  </datafield>
  <datafield tag="300" ind1=" " ind2=" ">
   <subfield code="a">xix, 545 pages :</subfield>
   <subfield code="b">illustrations ;</subfield>
   <subfield code="c">29 cm.</subfield>
  </datafield>
  <datafield tag="504" ind1=" " ind2=" ">
   <subfield code="a">Includes bibliographical references.</subfield>
  </datafield>
  <datafield tag="541" ind1=" " ind2=" ">
   <subfield code="e">00026030</subfield>
  </datafield>
  <datafield tag="650" ind1=" " ind2="0">
   <subfield code="a">Clinical pharmacology.</subfield>
   <subfield code="9">43804</subfield>
  </datafield>
  <datafield tag="650" ind1=" " ind2="0">
   <subfield code="a">Pharmacy.</subfield>
   <subfield code="9">43805</subfield>
  </datafield>
  <datafield tag="700" ind1="1" ind2=" ">
   <subfield code="a">Atkinson, Arthur Jr.</subfield>
   <subfield code="9">43806</subfield>
  </datafield>
  <datafield tag="852" ind1="4" ind2=" ">
   <subfield code="a">Ayesha Abed Library</subfield>
   <subfield code="j">General shelf.</subfield>
  </datafield>
  <datafield tag="942" ind1=" " ind2=" ">
   <subfield code="2">ddc</subfield>
   <subfield code="c">BK</subfield>
  </datafield>
  <datafield tag="952" ind1=" " ind2=" ">
   <subfield code="0">0</subfield>
   <subfield code="1">0</subfield>
   <subfield code="4">0</subfield>
   <subfield code="6">615_100000000000000_PRI</subfield>
   <subfield code="7">0</subfield>
   <subfield code="9">21312</subfield>
   <subfield code="a">BRACUL</subfield>
   <subfield code="b">BRACUL</subfield>
   <subfield code="c">GEN</subfield>
   <subfield code="d">2012-10-11</subfield>
   <subfield code="e">Trim Education</subfield>
   <subfield code="g">9475.00</subfield>
   <subfield code="l">0</subfield>
   <subfield code="o">615.1 PRI</subfield>
   <subfield code="p">3010026030</subfield>
   <subfield code="r">2012-10-11</subfield>
   <subfield code="t">1</subfield>
   <subfield code="w">0000-00-00</subfield>
   <subfield code="y">BK</subfield>
   <subfield code="x">Available</subfield>
  </datafield>
  <datafield tag="952" ind1=" " ind2=" ">
   <subfield code="0">0</subfield>
   <subfield code="1">0</subfield>
   <subfield code="4">0</subfield>
   <subfield code="6">615_100000000000000_PRI</subfield>
   <subfield code="7">0</subfield>
   <subfield code="9">21313</subfield>
   <subfield code="a">BRACUL</subfield>
   <subfield code="b">BRACUL</subfield>
   <subfield code="c">GEN</subfield>
   <subfield code="d">2012-10-11</subfield>
   <subfield code="e">Trim Education</subfield>
   <subfield code="g">9475.00</subfield>
   <subfield code="l">1</subfield>
   <subfield code="m">7</subfield>
   <subfield code="o">615.1 PRI</subfield>
   <subfield code="p">3010026031</subfield>
   <subfield code="r">2017-06-20</subfield>
   <subfield code="s">2017-05-04</subfield>
   <subfield code="t">2</subfield>
   <subfield code="w">0000-00-00</subfield>
   <subfield code="y">BK</subfield>
   <subfield code="x">Available</subfield>
  </datafield>
  <datafield tag="952" ind1=" " ind2=" ">
   <subfield code="0">0</subfield>
   <subfield code="1">0</subfield>
   <subfield code="4">0</subfield>
   <subfield code="6">615_100000000000000_PRI</subfield>
   <subfield code="7">0</subfield>
   <subfield code="9">21314</subfield>
   <subfield code="a">BRACUL</subfield>
   <subfield code="b">BRACUL</subfield>
   <subfield code="c">GEN</subfield>
   <subfield code="d">2012-10-11</subfield>
   <subfield code="e">Trim Education</subfield>
   <subfield code="g">9475.00</subfield>
   <subfield code="l">2</subfield>
   <subfield code="m">8</subfield>
   <subfield code="o">615.1 PRI</subfield>
   <subfield code="p">3010026032</subfield>
   <subfield code="r">2017-01-22</subfield>
   <subfield code="s">2017-01-16</subfield>
   <subfield code="t">3</subfield>
   <subfield code="w">0000-00-00</subfield>
   <subfield code="y">BK</subfield>
   <subfield code="x">Available</subfield>
  </datafield>
  <datafield tag="952" ind1=" " ind2=" ">
   <subfield code="0">0</subfield>
   <subfield code="1">0</subfield>
   <subfield code="4">0</subfield>
   <subfield code="6">615_100000000000000_PRI</subfield>
   <subfield code="7">0</subfield>
   <subfield code="9">21315</subfield>
   <subfield code="a">BRACUL</subfield>
   <subfield code="b">BRACUL</subfield>
   <subfield code="c">GEN</subfield>
   <subfield code="d">2012-10-11</subfield>
   <subfield code="e">Trim Education</subfield>
   <subfield code="g">9475.00</subfield>
   <subfield code="l">2</subfield>
   <subfield code="m">18</subfield>
   <subfield code="o">615.1 PRI</subfield>
   <subfield code="p">3010026033</subfield>
   <subfield code="r">2017-06-20</subfield>
   <subfield code="s">2017-05-04</subfield>
   <subfield code="t">4</subfield>
   <subfield code="w">0000-00-00</subfield>
   <subfield code="y">BK</subfield>
   <subfield code="x">Available</subfield>
  </datafield>
  <datafield tag="952" ind1=" " ind2=" ">
   <subfield code="0">0</subfield>
   <subfield code="1">0</subfield>
   <subfield code="2">ddc</subfield>
   <subfield code="4">0</subfield>
   <subfield code="6">615_100000000000000_PRI</subfield>
   <subfield code="7">0</subfield>
   <subfield code="9">21316</subfield>
   <subfield code="a">PHR</subfield>
   <subfield code="b">PHR</subfield>
   <subfield code="c">GEN</subfield>
   <subfield code="d">2012-10-11</subfield>
   <subfield code="e">Trim Education</subfield>
   <subfield code="g">9475.00</subfield>
   <subfield code="l">0</subfield>
   <subfield code="o">615.1 PRI</subfield>
   <subfield code="p">3010026034</subfield>
   <subfield code="r">2012-10-11</subfield>
   <subfield code="t">5</subfield>
   <subfield code="y">BK</subfield>
   <subfield code="x">Available</subfield>
  </datafield>
 </record>
</collection>
